00810nam a2200241 a 450000100060000000300090000600500170001500800410003201500210007304000280009404100080012208200180013010000170014811000350016524500700020026000990027030000120036949000720038150000240045365000270047770000400050474000240054424784CO-ViMGA20230915232018.0141112s2004 ck r 000 u spa d ack - 2006 - xxxx aCO-ViMGAbspacCO-ViMGA aspa04a808.068 L66p1 aLondon, Jack aInstituto Nacional para ciegos10aEl pagano / cselección y traducción de Julio Paredes Castro. aBogotá : bAlcaldía Mayor de Bogotá : bInstituto Distrital de Cultura y Turismo, cINCI a3 Vols. aLibro al viento ; La ventana abierta y otros cuentos sorprendentes aImprenta en Braille14aCuentos - Colecciones.1 aParedes Castro, Julio, 1957 - , tr. aLa ventana abierta.